Popular Dorm Room Snacks Quiz Stats

 Plays Quiz not verified by Sporcle

Challenge
Share
Tweet
Embed
Score 0/8 Timer 05:00
0 Plays Today
Snack % Correct
Ramen
60.2%
Popcorn
53%
Cereal
34.9%
Pop tarts
29.3%
Soda
23.7%
Peanut Butter
20.1%
Granola Bars
16.5%
Trail Mix
4.4%

You're not logged in!

Compare scores with friends on all Sporcle quizzes.
Join for Free
OR
Log In

You Might Also Like...

Show Comments

Extras

Created Mar 24, 2010ReportNominate
Tags:Popular Quiz, dorm, room, snack

Top Quizzes Today


Score Distribution

Your Account Isn't Verified!

In order to create a playlist on Sporcle, you need to verify the email address you used during registration. Go to your Sporcle Settings to finish the process.

Report this User

Report this user for behavior that violates our Community Guidelines.

Details: